LIBRARY ONLINE CATALOGUE

Hospitality reception & front office (Record no. 17902)

MARC details
000 -LEADER
fixed length control field 00493nam a22001697a 4500
008 - FIXED-LENGTH DATA ELEMENTS--GENERAL INFORMATION
fixed length control field 191002b xxu||||| |||| 00| 0 eng d
020 ## - INTERNATIONAL STANDARD BOOK NUMBER
International Standard Book Number 8121939925
040 ## - CATALOGING SOURCE
Original cataloging agency KABU
Transcribing agency KABU
050 ## - LIBRARY OF CONGRESS CALL NUMBER
Classification number TX911.3
Item number .N44 2013 c. 1
100 ## - MAIN ENTRY--PERSONAL NAME
Personal name Negi, Jagmohan
245 ## - TITLE STATEMENT
Title Hospitality reception & front office
Remainder of title procedures and system
260 ## - PUBLICATION, DISTRIBUTION, ETC. (IMPRINT)
Place of publication, distribution, etc. New Delhi
Name of publisher, distributor, etc. S. Chand & Company
Date of publication, distribution, etc. 2013
300 ## - PHYSICAL DESCRIPTION
Extent xii. 276 p.
650 ## - SUBJECT ADDED ENTRY--TOPICAL TERM
Topical term or geographic name as entry element Hotel management
700 ## - ADDED ENTRY--PERSONAL NAME
Personal name Gaurav, M.J.
942 ## - ADDED ENTRY ELEMENTS (KOHA)
Source of classification or shelving scheme Library of Congress Classification
Koha item type General Collection
Classification part TX911.3
Holdings
Withdrawn status Lost status Source of classification or shelving scheme Not for loan Home library Current library Date acquired Cost, normal purchase price Total Checkouts Full call number Barcode Date last seen Date last checked out Copy number Price effective from Koha item type
    Library of Congress Classification   Kabarak, Main Campus Kabarak, Main Campus 02/10/2019 767.00 1 TX911.3 .N44 2013 c. 1 023748 13/08/2024 25/07/2024 c. 1 02/10/2019 General Collection
    Library of Congress Classification   Kabarak, Main Campus Kabarak, Main Campus 02/10/2019 767.00   TX911.3 .N44 2013 c. 2 023749 02/10/2019   c. 2 02/10/2019 General Collection
    Library of Congress Classification   Kabarak, Main Campus Kabarak, Main Campus 02/10/2019 767.00 2 TX911.3 .N44 2013 c. 3 023750 12/08/2024 06/08/2024 c. 3 02/10/2019 General Collection